[Event "Wroclaw op 9th"]
[Site "Wroclaw"]
[Date "2014.06.30"]
[Round "4"]
[White "Grossmann, Ryszard"]
[Black "Kulas, Szymon"]
[Result "1/2-1/2"]
[WhiteElo "2150"]
[BlackElo "2005"]
[PlyCount "77"]
[EventDate "2014.06.29"]
[EventType "swiss"]
[EventRounds "9"]
[EventCountry "POL"]
[SourceTitle "EXT 2015"]
[Source "ChessBase"]
[SourceDate "2014.11.20"]
[SourceVersion "1"]
[SourceVersionDate "2014.11.20"]
[SourceQuality "1"]

1. d4 Nf6 2. Nf3 g6 3. c4 Bg7 4. Nc3 0-0 5. e4 d6 6. Be2 Bg4 7. 0-0 Nfd7 8. Be3 Nc6 9. d5 Bxf3 10. Bxf3 Na5 11. Be2 Bxc3 12. bxc3 e5 13. g3 Qe7 14. Rb1 b6 15. Kg2 Nb7 16. h4 Nbc5 17. Qc2 f6 18. h5 f5 19. hxg6 f4 20. gxh7+ Qxh7 21. Bxc5 Nxc5 22. Bf3 Rf6 23. Rh1 Qg7 24. g4 Kf7 25. Rh5 Rh8 26. Kf1 Rg6 27. Rxh8 Qxh8 28. Ke2 Rh6 29. Rg1 Rh2 30. Qb1 Qh4 31. Rf1 a6 32. Qe1 Kg6 33. Rh1 Rxh1 34. Bxh1 Qxg4+ 35. Bf3 Qh4 36. Qg1+ Kf7 37. Kd2 Kf6 38. Kc2 Kf7 39. Qg2 1/2-1/2

[Event "Gora Sw Anny op-A 7th"]
[Site "Gora Sw Anny"]
[Date "2014.02.26"]
[Round "6"]
[White "Grela, Kacper"]
[Black "Kulas, Szymon"]
[Result "1/2-1/2"]
[WhiteElo "2002"]
[BlackElo "2009"]
[PlyCount "55"]
[EventDate "2014.02.22"]
[EventType "swiss"]
[EventRounds "10"]
[EventCountry "POL"]
[SourceTitle "CBM 159 Extra"]
[Source "ChessBase"]
[SourceDate "2014.04.24"]
[SourceVersion "1"]
[SourceVersionDate "2014.04.24"]
[SourceQuality "1"]

1. e4 e6 2. d4 d5 3. Nd2 a6 4. Ngf3 c5 5. exd5 exd5 6. dxc5 Bxc5 7. Nb3 Bb6 8. Bd3 Nf6 9. Qe2+ Qe7 10. Qxe7+ Kxe7 11. 0-0 Nc6 12. Re1+ Be6 13. c3 Rhe8 14. Nbd4 Nxd4 15. Nxd4 Bxd4 16. cxd4 h6 17. a4 Kf8 18. Bf4 Rac8 19. Rac1 Bd7 20. Rxe8+ Nxe8 21. Rxc8 Bxc8 22. Kf1 Bd7 23. Be2 Bc8 24. Bd3 Bd7 25. Be2 Bc8 26. Bd3 Bd7 27. Be2 Bc8 28. Bd3 1/2-1/2